Welcome to the Holygrace Academy Library

Please use search bar below to get started

KNOW YOUR BODY (Record no. 6262)

MARC details
000 -LEADER
fixed length control field 00211nam a22001097a 4500
082 ## - DEWEY DECIMAL CLASSIFICATION NUMBER
Classification number 001
Item number REA/K
245 ## - TITLE STATEMENT
Title KNOW YOUR BODY
260 ## - PUBLICATION, DISTRIBUTION, ETC. (IMPRINT)
Place of publication MUMBAI
Name of publisher RDI PRINT
300 ## - PHYSICAL DESCRIPTION
Number of Pages 160
650 ## - SUBJECT ADDED ENTRY--TOPICAL TERM
Topical Term GK
Geographic subdivision MUMBAI
942 ## - ADDED ENTRY ELEMENTS (KOHA)
Koha item type Books
Holdings
Withdrawn status Lost status Collection code Home library Current library Shelving location Date acquired Source of acquisition Full call number Accession Number Koha item type
    G.K Main Library Main Library SHELF-17E-SCIENCE RELATED BOOKS 23/04/2013 PURCHASE 001 REA/K 02528 Books